000 01180nam a22003617a 4500
001 000005943
003 CHAP
005 20250422072846.0
008 971013s1992 r 00010 d
010 _a5888
011 _a6860
035 _a6083
040 _cCHAP
090 _aFolleto 13910
100 1 0 _aSánchez Domínguez, Samuel
_9107478
245 1 0 _aTaxonomía, origen y dispersión del cacahuate Arachis hypogaea L.
260 _aChapingo, Méx. :
_bUACH. Dirección de Difusión Cultural,
_c1992.
300 _a26 p. :
_b: ilus.
500 _a60-30
590 _aBATCH-UPD
_b10
_c20130110
_lUCH01
_h1846
590 _aBATCH-UPD
_b10
_c20130410
_lUCH01
_h1216
590 _aBATCH-UPD
_b10
_c20130914
_lUCH01
_h0801
590 _aCONVERSION
_b10
_c20130109
_lUCH01
_h1304
590 _aE5995AHE
_b05
_c20150211
_lUCH01
_h1231
650 1 4 _aCacahuate.
_916848
901 _aBK
942 _cFOLL
942 _n0
949 _aFolleto 13910
_bBC
_cFOLL
_d-15683
_eTS1
_i6083
_si
949 _aFolleto 13910
_bBC
_cFOLL
_d-77931
_eTS2
_fc.2
_i6083
_si
949 _aFolleto 13910
_bBC
_cFOLL
_d-77932
_eTS2
_fc.3
_i6083
_si
949 _aFolleto 13910
_bBC
_cFOLL
_d-77933
_eTS2
_fc.4
_i6083
_si
999 _c5888
_d5888